Futuribles

Сохранить в:
Библиографические подробности
Главный автор: Jouvenel, Bertand de
Формат:
Язык:Undetermined
Опубликовано: Paris Droz Geneva 1965
Предметы:
Метки: Добавить метку
Нет меток, Требуется 1-ая метка записи!
Thư viện lưu trữ: Trung tâm Học liệu Trường Đại học Cần Thơ
LEADER 00459nam a2200181Ia 4500
001 CTU_86741
008 210402s9999 xx 000 0 und d
082 |a 330 
082 |b J86/Vol2 
100 |a Jouvenel, Bertand de 
245 0 |a Futuribles 
245 0 |c Bertand de Jouvenel 
260 |a Paris 
260 |b Droz Geneva 
260 |c 1965 
650 |a Economic,Periodicals 
904 |i Năm 
980 |a Trung tâm Học liệu Trường Đại học Cần Thơ